| 000 | 00738cab a2200241 4500 | ||
|---|---|---|---|
| 001 | ABS56436 | ||
| 008 | 090401t1997 xxu||||| |||| 00| 0 eng d | ||
| 035 | _a(Sirsi) u23581 | ||
| 041 | _aeng | ||
| 100 | _aDuffy, P. | ||
| 245 | _aFire precautions in new hospitals | ||
| 260 | _c1997 | ||
| 350 | _a0 | ||
| 490 |
_aCSM (Chartered Surveyor Monthly) _v6(4) January 1997, 29(1) |
||
| 520 | _aOutlines revised Firecode HTM 81, which provides guidance on fire safety design in hospitals. | ||
| 650 | _aBUILT ENVIRONMENT-CONSTRUCTION DESIGN | ||
| 650 | _aMANAGEMENT-HEALTH AND SAFETY-FIRE SAFETY | ||
| 650 | _aHOSPITALS | ||
| 650 | _aHTM 81 | ||
| 690 | _aBUILT ENVIRONMENT-BUILDING STANDARDS | ||
| 942 | _n0 | ||
| 948 | _c04/03/1997 | ||
| 999 |
_c15770 _d15770 |
||